Landlord and tenant law

Bibliographic Details
Main Author: Yates, David
Other Authors: Hawkins, Arthur John
Format: Book
Published: London : Sweet & Maxwell , 1981
Subjects:

MARC

LEADER 00000cam a2200000 7i4500
001 0000000906
005 20050628.0
020 |a 0421262109 
040 |a INS 
090 0 0 |a KD899.   |b Y37 1981 
100 1 |a Yates, David 
245 1 0 |a Landlord and tenant law   |c David Yates 
260 |a London :   |b Sweet & Maxwell ,   |c 1981 
300 |a xxxiiip :   |b 622p ;   |c 24cm. 
650 0 0 |a Landlord and tenant   |z England 
700 1 |a Hawkins, Arthur John 
999 |a 0000000315   |b BOOK   |c Open Shelf   |e Default branch